000 00302nam a2200097Ia 4500
008 171211s9999 xx 000 0 und d
245 _aScreening the Nonhuman : Representations of Animal Others in the Media
260 _c2016
650 _xANIMALS
856 _uhttp://down.ebook777.com/041/1498513743.pdf
999 _c348509
_d348509